The World's Top 100 Coolest Cars - Statistics

General Stats
  • This quiz has been taken 373 times
  • The average score is 10 of 100
Answer Stats
Place Car % Correct
42 Ford Mustang
63%
70 Chevrolet Corvette Stingray (1966)
46%
33 Chevrolet Corvette Stingray (1969)
46%
35 Porsche 911 2.7 RS
46%
62 Chevrolet Camaro
44%
34 Dodge Charger R/T
44%
85 Dodge Challenger
41%
93 Volkwagen Golf GTi
29%
45 Lamborghini Countach
28%
36 Nissan GTR
28%
3 Aston Martin DB5
27%
99 Fiat 500
27%
29 Pontiac GTO
27%
11 Nissan Skyline 2000 GT-R
25%
18 BMW M5 E28
22%
26 Ferrari 250GT SWB
22%
49 AC Cobra 427
19%
8 Jaguar E-Type
19%
1 Lamborghini Miura
18%
5 Citroen DS
17%
87 Honda NSX
17%
74 Mini Cooper
17%
97 Subaru Impreza
17%
72 Ford Thunderbird
15%
78 Delorean DMC-12
14%
16 Fiat Dino
14%
9 Ford GT40
14%
86 Lincoln Continental
14%
90 Mazda RX-7
14%
13 Aston Martin V8 Vantage
13%
23 Ferrari Daytona
13%
47 Mercedes 300SL Gullwing
13%
14 Pontiac Trans Am
13%
15 Citroen SM
11%
41 Jaguar XJ Series 3
11%
68 Saab 99 Turbo
11%
37 Lancia Stratos
10%
7 Alfa Romeo Spider
9%
12 Ford Mustang Shelby GT500
8%
28 Lotus Esprit
8%
46 Plymouth Barracuda
8%
31 Audi 100 S Coupe
7%
75 Porsche 928
7%
6 Datsun 240Z
6%
55 Ford Torino
6%
56 Porsche 356B
6%
27 Austin Healey 3000
5%
38 De Tomaso Pantera
5%
43 Ferrari 308 GTB
5%
64 Ford Capri
5%
88 Lotus Elan
5%
32 Toyota 2000GT
5%
71 Ferrari 275 GTB
4%
73 Jaguar XKR
4%
60 Volvo 1800
4%
17 Alfa Romeo Montreal
3%
21 BMW 507
3%
67 Fiat 124 Spider
3%
22 Jaguar XJS
3%
50 Jensen Interceptor
3%
48 Maserati Ghibli
3%
57 Renault Alpine A110
3%
100 Bentley Flying Spur
2%
24 BMW M635CSi
2%
51 Buick Riviera
2%
83 Citroen Traction Avant
2%
39 Ferrari 365 GT4 Berlinetta Boxer
2%
54 Ford Galaxie 500
2%
98 Lotus 7
2%
91 Opel Manta A
2%
66 Plymouth Fury
2%
59 Audi Sport Quattro
1%
82 Austin Healey Sprite
1%
77 Bentley Continental GT
1%
4 BMW 3.0 CSL
1%
81 Cadillac Series 62
1%
19 Ferrari Dino 246 GT
1%
52 Fiat 130 Coupe
1%
53 Fiat X 1/9
1%
69 Holden Monaro
1%
40 Lancia Beta Montecarlo
1%
44 Lotus Europa
1%
2 Mercedes 280SL 'Pagoda' W
1%
30 Mercedes 560SEC
1%
20 Morgan Plus 8
1%
80 Oldsmobile Toronado
1%
89 Rolls-Royce Corniche
1%
61 Rover SD1 Vitesse
1%
92 Triumph GT6
1%
10 Volkswagen Camper
1%
76 Volkswagen Karmann-Ghia
1%
25 Chrysler Valiant Charger
0%
58 Daimler Double-Six Coupe
0%
95 MG C GT
0%
96 Morris Minor
0%
65 NSU R080
0%
84 Reliant Scimitar GTE
0%
63 Renault Avantime
0%
79 Rover P5B
0%
94 Sunbeam Tiger
0%
No matching quizzes found
Score Distribution
Percent of People with Each Score
Percentile by Number Answered
Your Score History
You have not taken this quiz